01115nam a2200265Ia 4500003000400000005001700004008004100021020001800062040001800080041000800098082002200106100002900128245020700157250001200364260004400376300002800420650004900448650007100497650003900568700002700607700003300634942003100667999001900698952013200717OSt20250916152625.0210716s2018 xx 000 0 und d a9781788474870 cAIMIT LIBRARY aeng a005.768 21bKALS aKaloferov, Spas.9238847 aMastering vRealize operations manager :banalyze and optimize your IT environment by gaining a practical understanding of vRealize operations 6.6 /cSpas Kaloferov, Scott Norris and Christopher Slater. a2nd ed. aMumbai :bPackt Publishing Ltd ,c2018. aix,407p. ;bPBc24.1 cm aGoing ahead with vRealize operations9238848 aWhich vRealise operations deployment model fits your needs9238849 aCreating custom dashboards9238850 aNorris, Scott.9238851 aSlater, Christopher.9238852 2ddccBKe2ndk005.768 KAKS c196692d196692 001040708MCAaAIMITbAIMITeKnowledge Worldg1299.00l0o005.768 KALSpMCA16207r2026-05-23 00:00:00v974.25w2021-07-16yBK